000 00743nam a2200181 4500
008 170503b xxu||||| |||| 00| 0 eng d
020 _a971-550-307-1
082 _21999
_aDFil 320.959907
_bP76
110 _920650
_aDepartment of Political Science.
245 _aPolitics and governance:
_btheory and practice in the Philippine context/
_cDepartment of Political Science.
260 _aQuezon City:
_bAteneo de Manila University,
_cc1999.
300 _av, 343 pages;
_c23 cm.
500 _aIncludes bibliographical references and index.
650 0 _920652
_aPolitical science
_vStudy and teaching
_zPhilippines
650 0 _920654
_aPhilippines
_xPolitics and government
710 _920655
_aDepartment of Political Science
942 _2ddc
_cDFIL
999 _c6823
_d6823